مكتبة جامعة عجلون الوطنية

فهرس بحث المكتبة

Normal view MARC view
  • اعداد سميرات، صخر

Entry Personal Name

Number of records used in: 1

001 - CONTROL NUMBER

  • control field: 52215

003 - CONTROL NUMBER IDENTIFIER

  • control field: JO-AjAnu

005 - DATE AND TIME OF LATEST TRANSACTION

  • control field: 20230606082602.0

008 - FIXED-LENGTH DATA ELEMENTS

  • fixed length control field: 230606|| aca||aabn | a|a d

040 ## - CATALOGING SOURCE

  • Original cataloging agency: JO-AjAnu
  • Transcribing agency: JO-AjAnu

100 ## - HEADING--PERSONAL NAME

  • Personal name: اعداد سميرات، صخر

670 ## - SOURCE DATA FOUND

  • Source citation: Work cat.: (JO-AjAnu)26685: اعداد سميرات، صخر, author, ندوة نحو تخطيط لاردن عام 2020 : نظام المعلومات الوطني وتنمية الاقاليم